000 00293nam a2200121Ia 4500
008 200130s9999||||xx |||||||||||||| ||und||
040 _aMAIN
041 _aEnglish
100 _aPujari,Anuradha Sarma
245 0 _aAnuradha Sarma Pujarir Diary
260 _bJyoti Prakashan
_aGuwahati
942 _cBK
999 _c636
_d636